=LDR 00000nam 2200000 4500 =001 NUTBA000000000002399 =005 20140613161805.0 =006 =007 =008 =020 ##$$a 979-1211-26--4 =035 ##$$a 0010-061400000000342 =040 ##$$a NBPDMAT =082 ##$$a 635.6 =090 ##$$a 635.6 $b Dia b =100 ##$$a Diah Rahmatia =245 ##$$a Bercocok tanam tomat / $c Diah Rahmatia, Pipit Pitriana =260 ##$$a Jakarta : $b Azka Press, $c 2006 =300 ##$$a 44 hlm. $b ilus. ; $c 21 cm. =650 ##$$a Tomat - Budidaya =700 ##$$a Pipit Pitriana =850 ##$$a NBPDMAT =990 ##$$a 21401772